000 00806nam a2200241 i 4500
001 149808
003 ES-MaACL
005 20230906203250.0
007 t|
008 071024s1953 sp ||||1| spa d
100 1 _aVan der Meersch, Maxence.
_9113032
245 1 0 _aObras completas /
_cMaxence van der Meersch ; [traducción del francés por Dolores Serra, Rosa S. de Naveira ; prólogo de Luis Horno Liria].
250 _a[1ª ed.].
260 _aBarcelona :
_bJosé Janés,
_c1953.
300 _a3 v. ;
_c18 cm.
490 1 _aLos clásicos del siglo XX
700 1 _aSerra, Dolores.
_9105604
700 1 _aNaveira, Rosa S. de.
_985223
700 1 _aHorno Liria, Luis.
_964232
830 0 _aLos clásicos del siglo XX
_9183579
852 _aES-MaACL
_jC-6357-59
_bR.35289
999 _c149808
_d149808